Library Banner

Visual psychophysics : (Record no. 105087)

MARC details
000 -LEADER
fixed length control field 00696cam a2200229 i 4500
001 - CONTROL NUMBER
control field 17610221
005 - DATE AND TIME OF LATEST TRANSACTION
control field 20180605092516.0
008 - FIXED-LENGTH DATA ELEMENTS--GENERAL INFORMATION
fixed length control field 130201s2014 maua b 001 0 eng
020 ## - INTERNATIONAL STANDARD BOOK NUMBER
International Standard Book Number 9780262019453 (hardcover : alk. paper)
040 ## - CATALOGING SOURCE
Transcribing agency PK-LaUMT
082 00 - DEWEY DECIMAL CLASSIFICATION NUMBER
Classification number 612.84
Edition number 23
Item number LU--V
100 1# - MAIN ENTRY--PERSONAL NAME
Personal name Lu, Zhong-Lin
245 10 - TITLE STATEMENT
Title Visual psychophysics :
Remainder of title from laboratory to theory /
Statement of responsibility, etc Zhong-Lin Lu and Barbara Dosher
260 ## - PUBLICATION, DISTRIBUTION, ETC. (IMPRINT)
Place of publication, distribution, etc Cambridge :
Name of publisher, distributor, etc The MIT Press,
Date of publication, distribution, etc 2014
300 ## - PHYSICAL DESCRIPTION
Extent xiv, 450 p. :
Other physical details illustrations some color ;
Dimensions 25 cm
650 #0 - SUBJECT ADDED ENTRY--TOPICAL TERM
Topical term or geographic name as entry element Vision.
650 #0 - SUBJECT ADDED ENTRY--TOPICAL TERM
Topical term or geographic name as entry element Psychophysics.
650 #0 - SUBJECT ADDED ENTRY--TOPICAL TERM
Topical term or geographic name as entry element Visual perception.
650 #0 - SUBJECT ADDED ENTRY--TOPICAL TERM
Topical term or geographic name as entry element Image processing.
700 1# - ADDED ENTRY--PERSONAL NAME
Personal name Dosher, Barbara,
942 ## - ADDED ENTRY ELEMENTS (KOHA)
Koha item type Books
Holdings
Withdrawn status Lost status Damaged status Home library Current library Date acquired Full call number Barcode Date last seen Price effective from Koha item type
      UMT Main Campus UMT Main Campus 2018-06-05 612.84 LU--V 121773 2018-06-05 2018-06-05 Books